| 000 | 00898cam a22002654a 4500 | ||
|---|---|---|---|
| 003 | OSt | ||
| 005 | 20260205141230.0 | ||
| 008 | 010322s2001 enk b 001 0 eng | ||
| 020 |
_a0199243751 _qpbk. : alk. paper |
||
| 020 | _a019828036X | ||
| 020 |
_a9780199243754 _q(pbk. : alk. paper) |
||
| 040 |
_aKABLIB _cKABLIB _beng _erda |
||
| 082 | 0 | 0 |
_a320.9 _223 _bINT |
| 245 | 0 | 4 |
_aThe international dimensions of democratization : _bEurope and the Americas / _cedited by Laurence Whitehead. |
| 250 | _aExpanded ed. | ||
| 260 |
_aNew York : _bOxford University Press, _c2001. |
||
| 300 |
_axii, 476 p. ; _c24 cm. |
||
| 504 | _aIncludes bibliographical references (p. [455]-463) and index. | ||
| 650 | 0 |
_aDemocracy _xHistory _915365 |
|
| 650 | 0 | _aDemocratization | |
| 650 | 0 | _aWorld politics | |
| 650 | 0 |
_aComparative government. _910142 |
|
| 700 | 1 |
_aWhitehead, Laurence. _915366 |
|
| 942 |
_2ddc _cBOOK |
||
| 999 |
_c6063 _d6063 |
||